000 00262nam a22001217a 4500
008 171021b xxu||||| |||| 00| 0 eng d
041 _aeng
080 _a658
100 _a54
101 _aLID
245 _aADAPTIVE ENTERPRISE
_cHAECKEL, S.H
942 _2udc
_cBK
999 _c35272
_d35272